000 00779na a2200277 4500
001 23151
003 MIRAKIL
005 20181213155018.0
008 170721b tu 000 0
020 _a9786054048069
040 _aMilas
_btur
_cTR-AnCHP
041 _atur
082 _a658.82
_bS27 2009
090 _a658.82 S27 2009
245 _aSatışın DNA'sı
_cproje İrfan Çiçek; Eğitmen Fatih Karakaya7
260 _aİstanbul
_bkitapdostu yayınları
_c2009
300 _a74 s.
_bfotğ.
_c19 sm.
440 _akitapdostu yayınları
_v6
490 _aKişisel gelişim
_v2
650 _aKişisel gelişim
650 _aSatış yöntemleri
650 _aPazarlama stratejileri
700 _aKarakaya, Fatih
700 _aÇiçek, İrfan
942 _2dcc
_cBKS
999 _c4798
_d4798